Purdue Head Football Coaches by Picture - Statistics

General Stats
  • This quiz has been taken 12 times
    3 since last reset
  • The average score is 5 of 41
Answer Stats
Picture Hint Answer % Correct
1997-2008 Joe Tiller
100%
2025-Present Barry Odom
67%
2022 Brian Brohm
67%
2017-2022 Jeff Brohm
67%
2013-2016 Darrell Hazell
33%
1987-1990 Fred Akers
33%
2016 Gerad Parker
33%
1956-1969 Jack Mollenkopf
33%
1977-1981 Jim Young
33%
1982-1986 Leon Burnett
33%
1918-1920 A. G. Scanlon
0%
1887 Albert Berg
0%
1905 Albert E. Herrnstein
0%
1973-1976 Alex Agase
0%
1898-1900 Alpha Jamison
0%
1913-1915 Andy Smith
0%
1910-1912 Bill Horr
0%
1970-1972 Bob DeMoss
0%
1944-1946 Cecil Isbell
0%
1902 Charles Best
0%
1916-1917 Cleo A. O'Donnell
0%
1890 Clinton L. Hare
0%
2009-2012 Danny Hope
0%
1893-1895 | 1901 D. M. Balliet
0%
1942-1943 Elmer Burnham
0%
1908-1909 Frederick A. Speik
0%
1889 George Andrew Reisner
0%
1922-1929 James Phelan
0%
1991-1996 Jim Colletto
0%
1891-1892 Knowlton Ames
0%
1907 Leigh C. Turner
0%
1937-1941 Mal Edward
0%
1906 Myron E. Witham
0%
1930-1936 Noble Kizer
0%
1903-1904 Oliver Cutts
0%
2012 Patrick Higgins
0%
2023-2024 Ryan Walters
0%
1896 Samuel M. Hammond
0%
1947-1955 Stu Holcomb
0%
1921 William Henry Dietz
0%
1897 William W. Church
0%
No matching quizzes found
Score Distribution
Percent of People with Each Score
Percentile by Number Answered
Your Score History
You have not taken this quiz since the last reset